History of the Tamil prose literature, (Record no. 77830)

MARC details
000 -LEADER
fixed length control field 00814cam a22002411 4500
001 - CONTROL NUMBER
control field sa 68001248
003 - CONTROL NUMBER IDENTIFIER
control field DLC
005 - DATE AND TIME OF LATEST TRANSACTION
control field 20260227112431.0
008 - FIXED-LENGTH DATA ELEMENTS--GENERAL INFORMATION
fixed length control field 710903s1966 ii b 00010 eng
010 ## - LIBRARY OF CONGRESS CONTROL NUMBER
LC control number sa 68001248 //r92
025 ## - OVERSEAS ACQUISITION NUMBER
Overseas acquisition number PL480:I-E-9097
040 ## - CATALOGING SOURCE
Original cataloging agency DLC
Transcribing agency DLC
Modifying agency DLC
050 00 - LIBRARY OF CONGRESS CALL NUMBER
Classification number PL4758.4
Item number .C45 1966
100 20 - MAIN ENTRY--PERSONAL NAME
Personal name Ceṅkalvarāya Piḷḷai, Va. Cu.,
Dates associated with a name 1883-1971.
245 10 - TITLE STATEMENT
Title History of the Tamil prose literature,
Statement of responsibility, etc. by V. S. Changalvaraya Pillai.
250 ## - EDITION STATEMENT
Edition statement [1st ed.]
260 0# - PUBLICATION, DISTRIBUTION, ETC.
Place of publication, distribution, etc. Tirunelveli,
Name of publisher, distributor, etc. Copies can be had of: South India Saiva Siddhanta Works Pub. Society,
Date of publication, distribution, etc. 1966.
300 ## - PHYSICAL DESCRIPTION
Extent 77, p. 18 cm.
350 ## - PRICE (NR) (BK AM CF MU VM SE) [OBSOLETE]
Price Rs1.50
500 ## - GENERAL NOTE
General note A reprint of the author's M.A. thesis, 1904.
504 ## - BIBLIOGRAPHY, ETC. NOTE
Bibliography, etc. note Bibliographical footnotes.
650 #0 - SUBJECT ADDED ENTRY--TOPICAL TERM
Topical term or geographic name entry element Tamil prose literature
General subdivision History and criticism.

No items available.

Powered by Koha